01003nam a22002537a 450000500170000001000150001702000270003203500140005903700090007308200150008210000220009724501250011925000100024426000420025427001080029630000240040450000530042870000320048170000300051370000340054394200220057799900190059995201310061820231116112143.0 aENG-138398 c7250.00a9789392568404 aEN-121930 bDBAD a0322First aDiwan, H.D958753 aResearches in Granites of India Ground Water in Granites:bBasic Earth Science Series/cBy H.D Diwan ...[et.al]hEnglish aFirst bAditi Publicationc2023aChhattisgarh aOpp, New Panchajanya Vidya Mandir, Near Tiranga Chowk, Kushalpur, Raipur, bChhattisgarhk+919425210308 a243,vip.c20cm(pbk) aGranitic Region of Upper Mahanadi Catchment, C.G aGupta, M.P eAdvisor958749 aKuity, D.PeEditor958750 aBhadauria, S.SeEditor958751 2ddccENh032mDIW c199106d199106 001040718REFaBNbBNd2023-11-16eDBAD/PUBg7250.00l0o032 DIWpEN-121930r2023-11-16 00:00:00t1v7250.00w2023-11-16yEN